Партизанский маркетинг: добро пожаловать в маркетинговую революцию: пер. с англ.

Opis bibliograficzny
1. autor: Левинсон Дж. К. Джей Конрад
Kolejni autorzy: Хенли П.
Streszczenie:Что такое партизанский маркетинг? Его философию прекрасно отражает девиз британского спецназа: «Побеждает тот, кто смеет». В первую очередь, это нестандартность, нетрадиционность, отказ от азбучных истин и достижение высочайших результатов при ограниченных возможностях. Известнейшие консультанты-маркетологи в своей книге познакомят вас с рядом новых средств, которые в совокупности образуют сверхоружие, заполучить которое стремятся все маркетологи: возможность оказывать влияние на людей. Эта книга расскажет вам о таких способах обращения к сознанию потенциальных покупателей, с которыми они могут принимать информированные и честные решения. Впрочем, вы узнаете и о том, как сделать так, чтобы ваша аудитория принимала решения, даже не сознавая воздействия с вашей стороны! Книга содержит более 500 различных стратегий, включающих в себя сложные вербальные модели, использование двусмысленности и предположений, гипнотические языковые конструкции, применение которых показало значительное увеличение прибыли при сокращении маркетингового бюджета. Предназначена не только для маркетологов и продавцов любых уровней, но и для всех, кто хочет научиться влиять на других.
Język:rosyjski
Wydane: СПб., Питер, 2006
Seria:Маркетинг для профессионалов
Hasła przedmiotowe:
Format: Książka
KOHA link:https://koha.lib.tpu.ru/cgi-bin/koha/opac-detail.pl?biblionumber=101284

MARC

LEADER 00000nam0a2200000 4500
001 101284
005 20231031112556.0
010 |a 546900273X 
035 |a (RuTPU)RU\TPU\book\109152 
090 |a 101284 
100 |a 20060908d2006 km y0rusy50 ca 
101 1 |a rus  |c eng 
102 |a RU 
105 |a a z 000zy 
200 1 |a Партизанский маркетинг: добро пожаловать в маркетинговую революцию  |e пер. с англ.  |f Дж. Левинсон, П. Хенли 
210 |a СПб.  |c Питер  |d 2006 
215 |a 192 с.  |c ил. 
225 1 |a Маркетинг для профессионалов 
330 |a Что такое партизанский маркетинг? Его философию прекрасно отражает девиз британского спецназа: «Побеждает тот, кто смеет». В первую очередь, это нестандартность, нетрадиционность, отказ от азбучных истин и достижение высочайших результатов при ограниченных возможностях. Известнейшие консультанты-маркетологи в своей книге познакомят вас с рядом новых средств, которые в совокупности образуют сверхоружие, заполучить которое стремятся все маркетологи: возможность оказывать влияние на людей. Эта книга расскажет вам о таких способах обращения к сознанию потенциальных покупателей, с которыми они могут принимать информированные и честные решения. Впрочем, вы узнаете и о том, как сделать так, чтобы ваша аудитория принимала решения, даже не сознавая воздействия с вашей стороны! Книга содержит более 500 различных стратегий, включающих в себя сложные вербальные модели, использование двусмысленности и предположений, гипнотические языковые конструкции, применение которых показало значительное увеличение прибыли при сокращении маркетингового бюджета. Предназначена не только для маркетологов и продавцов любых уровней, но и для всех, кто хочет научиться влиять на других. 
610 1 |a экономика 
610 1 |a маркетинг 
610 1 |a маркетинговая деятельность 
610 1 |a маркетинговая среда 
610 1 |a маркетинговые коммуникации 
610 1 |a маркетинговые технологии 
610 1 |a партизанский маркетинг 
686 |a У821.4  |v LBC/SL-A  |2 rubbk 
700 1 |a Левинсон  |b Дж. К.  |g Джей Конрад 
701 1 |a Хенли  |b П. 
801 1 |a RU  |b 63413507  |c 20060908  |g PSBO 
801 2 |a RU  |b 63413507  |c 20120605  |g PSBO 
942 |c BK 
959 |a 76/20060901  |d 1  |e 138,00  |f ЧЗГЛ:1